000 00868nam a2200229Ii 4500
003 JO-AjNU
008 230605s9999||||xx |||||||||||||| ||und||
017 _a1991/9541
020 _a977-5227-01-1
040 _aJO-AjNU
_bara
_erda
_cJO-AjNU
041 _aara
050 1 4 _aBP165.5.A5.2001
100 3 _aتاليف آل الشيخ، عبد الرحمن بن حسن؛ مراجعة وتصحيح عبد العزيز بن عبدالله بن باز,
_eauthor
_962096
245 0 0 _aفتح المجيد: شرح كتاب التوحيد
250 _aط1
264 3 1 _aالقاهرة: دار الحديث للطباعة والنشر والتوزيع، 2001
300 _a511ص
336 _atext
_btxt
_2rdacontent
337 _aunmediated
_bn
_2rdamedia
338 _avolume
_bnc
_2rdacarrier
650 4 _aعلم الكلام-العقيدة الاسلامية
_962097
999 _aA28101
_c31669
_d31669